000 nam a22 7a 4500
999 _c4947
_d235451
020 _a9789507274602
080 _a347.91 M 468
245 _aMedida Innovativa
260 _aSanta Fe
_bRubinzal- Culzoni
_c2009
300 _a632 P.
_c23 X 16 Cm.
650 _xderecho procesal ciivil
_xmedida innovativa
_xmedida cautelar innovativa
_xmedidas cautelares
700 _aAcosta, Daniel F.
_eAirasca, Ivana María
_eAlberto, Misael E.
_eBalestro Faure, Miryam T.
_eBaracat, Edgar J.
_eBarberio, Sergio Jose
_eBilesio, Juliana
_eCarbone, Carlos Alberto
_eCárdenas, Héctor H.
_eCarrillo, Hernán Gonzalo
_eDe Lázzari, Eduardo Néstor
_eDi Marco, Graciela L.
_eGasparini, Marisa
_eLépori White, Inés
_eMascali, José Luis
_eMenéndez Caggiano, Patricia
_ePeyrano, Jorge W.
_eRambaldo, Juan Alberto
_eRuzafa, Beatriz S.
_eVargas, Abraham Luis
942 _6_
945 _acd
_d2019-06-03